|
|
|
|
| LEADER |
00000cam a2200000 a 4500 |
| 001 |
104907 |
| 005 |
20230308165107.0 |
| 008 |
006033|2005 ||||||||r|||||||||||spa|| |
| 020 |
|
|
|a 8432227994
|
| 040 |
|
|
|b spa
|
| 041 |
1 |
|
|a spa
|
| 082 |
0 |
|
|a 895.6
|
| 100 |
1 |
|
|a Oé, Kenzaburo
|9 50324
|
| 245 |
1 |
1 |
|a Despertad, oh jóvenes de la nueva era
|c Kenzaburo Oé, trad. Ricardo Ogata
|h imp
|
| 264 |
|
|
|a Barcelona
|b Seix Barral
|c 2005
|
| 300 |
|
|
|a 301 páginas:
|
| 500 |
|
|
|a Nace 1935
|
| 650 |
1 |
|
|a Novela japonesa
|9 44185
|
| 852 |
|
|
|a UC-CDJBV
|c TERCER PISO
|f Compra
|k margarita.gutierrez
|l 1
|m General
|p 20060330
|q 15.20
|r 2
|t 104907
|b 0
|d CDRC
|e CDRC
|g 895.6 TERCER PISO
|z 2006-60-33
|
| 942 |
|
|
|c BK
|
| 999 |
|
|
|c 27634
|d 27634
|